000 00258nam a2200121Ia 4500
100 _aWEINSTEIN/NICHOLAS
942 _cBK
245 _aENGG.MANUFACTURING PROCESS
260 _bMir publishers
_c1967
082 _a671/WEI
300 _a420
546 _aENGLISH
999 _c21396
_d21396